Le mois de juillet - Statistiques

Statistiques générales
  • Ce quiz a été pris 23 fois
  • Le résultat moyen est 7 sur 16
Statistiques - réponses
Questions Réponses % Correct
Course cycliste majeure du mois de juillet. Le Tour de France
95%
Nom donné aux vacanciers qui privilégie les voyages au mois de juillet plutôt qu'au mois d'août. Les juillettistes
85%
Général romain qui massacra les Gaulois et dont le mois de juillet tire son origine étymologique. Jules César
80%
Prison dont sept détenus - quatre faussaires, un pervers et deux fous à lier - ont été libérés par les Révolutionnaires en date du 14 juillet 1789. La Bastille
80%
Fleur aquatique également appelée lis d'étang ou lis d'eau qui fleurit en juin et juillet dans les régions tempérées. Le nénuphar
65%
Complétez ce dicton : « Juillet doit rôtir ce que _________ mûrira ». (dicton bien sûr uniquement valable pour les régions tempérées de l'hémisphère nord) Septembre
60%
Sainte et disciple de Jésus Christ qui lava Ses pieds et L'accompagna jusqu'à Sa crucifixion. Elle est fêtée le 22 juillet. Sainte Marie-Madeleine
50%
Ville de Toscane où se tient deux fois par an dont l'un en date du 2 juillet, un célèbre "palio", c'est-à-dire une course de chevaux sur sa Piazza del Campo, la place centrale de la ville. Sienne
50%
Apôtre de Jésus Christ qui a cru en la résurrection de ce Dernier lorsqu'il L'a vu. Il est célébré le 3 juillet. Saint Thomas
45%
Roi considéré comme usurpateur par les légitimistes, dont le nom est associé à la "monarchie de juillet". Louis-Philippe
40%
Pionnier de l'aviation qui fut le premier à traverser la Manche le 25 juillet 1909. Louis Blériot
30%
Film de la série du Gendarme dont l'action commence au Premier juillet avec le grand ballet des départs en vacances. Le Gendarme se marie
25%
Partie du corps de Jésus Christ, considéré comme "Précieux" depuis Sa crucifixion. Le Pape Pie IX a institué sa fête en date du Premier juillet en 1849. Son sang
15%
Auteur-compositeur interprète de la chanson "Les Héros de Juillet" consacré aux coureurs de la course précédente, chanson sortie en 2013 sur son album "Dédicacé". Didier Barbelivien
10%
Bataille ayant eu lieu le 17 juillet 1453 qui conclut la Guerre de Cent ans par une victoire décisive de la France. La bataille de Castillon
10%
Fleur qui fleurit en général en juillet voire déjà en juin. Son nom provient d'un cétacé dont elle prend la forme une fois qu'elle sort de sa tige. Le delphinium / La dauphinelle
0%
Aucun quiz correspondant
Distribution des résultats
% des personnes avec chaque résultat
Percentile par nombre de réponses
Votre historique - résultats
Vous n’avez pas pris ce quiz